00890nam a2200241 u 45000010006000000050017000060080041000230350010000640410008000740820008000821000054000902450141001442600043002853000017003286500050003456500036003956500042004319420010004739990017004835020012005005260008005129520128005204730520260428111544.0960313s1974 ||||||m| spa  a47305 aspa 4a34610aGiraldo de Hernandez, Marta Lia4auteaut925504310aAlgunos aspectos comparativos entre el codigo civil y el decreto 410 de marzo 27 de 1971 (codigo de comercio) en materia de obligaciones aMedellín :b[sin publicador],c1974. a69 páginas 7aObligaciones (Derecho)zColombia2lemb939635 aCódigo civil - Colombia92850 aCódigo de comercio - Colombia91932 cTESIS c18957d18957 b133c14 a135 001040708TESISBCaBCbBCd1998-05-15iC78917l0o346.5 G516aLp61000002683585r2023-04-20 00:00:00t1w2023-04-20yTESIS